South Eastern Kenya University

Library Online Public Access Catalogue


First-year baby care : (Record no. 14799)

MARC details
000 -LEADER
fixed length control field 00773nam a2200229 a 4500
001 - CONTROL NUMBER
control field 4427342
003 - CONTROL NUMBER IDENTIFIER
control field OSt
005 - DATE AND TIME OF LATEST TRANSACTION
control field 20160527161112.0
008 - FIXED-LENGTH DATA ELEMENTS--GENERAL INFORMATION
fixed length control field 931118s1989 mnua bf 001 0 eng
010 ## - LIBRARY OF CONGRESS CONTROL NUMBER
LC control number 93233573
020 ## - INTERNATIONAL STANDARD BOOK NUMBER
International Standard Book Number 0881661252
040 ## - CATALOGING SOURCE
Original cataloging agency SEKU
050 00 - LIBRARY OF CONGRESS CALL NUMBER
Classification number RJ 61
Item number .F47 1989
245 00 - TITLE STATEMENT
Title First-year baby care :
Remainder of title an illustrated step-by-step guide for new parents /
Statement of responsibility, etc. edited by Paula Kelly.
250 ## - EDITION STATEMENT
Edition statement [Rev. and updated].
260 ## - PUBLICATION, DISTRIBUTION, ETC. (IMPRINT)
Place of publication, distribution, etc. Deephaven, MN :
Name of publisher, distributor, etc. Meadowbrook Press ;
Place of publication, distribution, etc. New York :
Name of publisher, distributor, etc. Distributed by Simon & Schuster,
Date of publication, distribution, etc. c1989.
300 ## - PHYSICAL DESCRIPTION
Extent 135 p. :
Other physical details ill. ;
Dimensions 24 cm.
504 ## - BIBLIOGRAPHY, ETC. NOTE
Bibliography, etc Includes bibliographical references (p. 129) and index.
650 #0 - SUBJECT ADDED ENTRY--TOPICAL TERM
Topical term or geographic name as entry element Infants
General subdivision Care
-- Handbooks, manuals, etc.
700 1# - ADDED ENTRY--PERSONAL NAME
Personal name Kelly, Paula,
Dates associated with a name 1949-
942 ## - ADDED ENTRY ELEMENTS (KOHA)
Source of classification or shelving scheme Library of Congress Classification
Koha item type General circulation
Holdings
Withdrawn status Lost status Source of classification or shelving scheme Damaged status Not for loan Home library Current library Shelving location Date acquired Source of acquisition Total Checkouts Full call number Barcode Date last seen Price effective from Koha item type Public note
    Library of Congress Classification     Main Campus Library Main Campus Library General Stacks 27/05/2016 Donation-books for Africa   RJ 61 .F47 1989 2016/018862 27/05/2016 27/05/2016 General circulation A.K.
Kitui, Kenya.
+254736116989
library@seku.ac.ke